000 00333nam a22001457a 4500
999 _c12214
_d12214
020 _a978-93-325-7572-1
082 _a530
100 _aRandall D.Knight
245 _aPhysics for Scientists and Engineers
250 _a3rd Edition
260 _aNew Delhi
_bPearson
_c2017
300 _a1434
650 _aPhysics
942 _cBK